000 00639nam a22001937a 4500
999 _c58311
_d58311
005 20211102165334.0
008 211102s2007 enk||||| |||| 00| 0 rus d
020 _a 9788779899742
041 _arus
080 _a299.93 X-12
100 _aХаббард, Рональд Лафайет
_912701
245 _aНастольная книга для преклиров /
_cЛ. Рон Хаббард.
264 _aМ. :
_b"Нью Эра",
_c2007.
300 _a408 с. :
_bтабл. ;
_c24 см.
653 _a დიანეტიკა
653 _a სული
653 _a საენტოლოგია
942 _2udc
_cBK